| 000 | 00827cam a22002657a 4500 | ||
|---|---|---|---|
| 001 | 15735197 | ||
| 003 | OSt | ||
| 005 | 20180109091644.0 | ||
| 008 | 090512s2008 nyuaf cd 001 0 eng d | ||
| 010 | _a 2009285805 | ||
| 020 | _a0553588923 (pbk.) | ||
| 020 | _a0553383922 (pbk.) | ||
| 035 | _a(OCoLC)ocn226388667 | ||
| 040 |
_aVPW _cVPW _dBAKER _dYDXCP _dJRZ _dCGU _dDLC |
||
| 041 | _aeng | ||
| 042 | _alccopycat | ||
| 080 | _a615.1 | ||
| 082 | 0 | 4 | _a 615.1 SIL |
| 100 | _a5 | ||
| 101 | _ashf | ||
| 245 | 0 | 4 |
_aThe pill book / _ceditor-in-chief, Harold M. Silverman. |
| 906 |
_a7 _bcbc _ccopycat _d2 _encip _f20 _gy-gencatlg |
||
| 942 |
_2ddc _cBK |
||
| 999 |
_c39971 _d39971 |
||